000 00454cam a2200145 4500500
005 20251012032641.0
041 _afre
042 _adc
100 1 0 _aBaldran, Jacqueline
_eauthor
245 0 0 _aStendhal : masques, pseudonymes et métamorphoses
260 _c2009.
500 _a41
786 0 _nSigila | 24 | 2 | 2009-12-20 | p. 137-146 | 1286-1715
856 4 1 _uhttps://shs.cairn.info/revue-sigila-2009-2-page-137?lang=fr&redirect-ssocas=7080
999 _c1547958
_d1547958